000 01007nam a2200289 a 4500
005 20131021081547.0
008 930310s1992 enk b 001 0 eng
020 _a0521433746
020 _a0521439841
041 0 _aeng
080 _a323
_x(47+57)
100 1 _aWhite, Stephen,
_d1945-
245 1 0 _aGorbachev and after /
_cStephen White.
250 _a3rd ed.
260 _aCambridge ;
_aNew York :
_bCambridge University Press,
_c1992.
300 _a327 p. ;
_c24 cm.
440 0 _aCambridge Soviet paperbacks ;
_v3
500 _aPreface : f. IX-XI
500 _aRev. ed. of: Gorbachev in power. 1990.
504 _aIncludes bibliographical references (p. 263-317) and index.
600 1 0 _aGorbachev, Mikhail Sergeevich,
_d1931-
650 0 _aDemokracia
_y1985-1991.
_zUnioni Sovjetik
650 0 _aPolitika dhe qeversija
_y1985-1991.
_zUnioni Sovjetik
651 0 _aSoviet Union
_xPolitika dhe qeverisja
_y1985-1991.
700 1 _aWhite, Stephen,
_d1945-
_tGorbachev in power.
942 _2udc
_cBK
999 _c145
_d145